BSOP header

Preaching the word of God : (Record no. 55605)

MARC details
000 -LEADER
fixed length control field 00751nam a22002297a 4500
005 - DATE AND TIME OF LATEST TRANSACTION
control field 20260504095359.0
008 - FIXED-LENGTH DATA ELEMENTS--GENERAL INFORMATION
fixed length control field 260504b |||||||| |||| 00| 0 eng d
020 ## - INTERNATIONAL STANDARD BOOK NUMBER
International Standard Book Number 9789887768500
040 ## - CATALOGING SOURCE
Original cataloging agency BSOP
041 ## - LANGUAGE CODE
Language code of text/sound track or separate title chi
050 ## - LIBRARY OF CONGRESS CALL NUMBER
Classification number BV4249.C5
245 ## - TITLE STATEMENT
Linkage 880-1
Title Preaching the word of God :
Remainder of title the collected sermons of BSHK {ch} /
Statement of responsibility, etc chief editor Andy Chiu.
250 ## - EDITION STATEMENT
Edition statement 1st ed.
264 ## - PRODUCTION, PUBLICATION, DISTRIBUTION, MANUFACTURE STATEMENTS
Place of production, publication, distribution, manufacture Hong Kong :
Name of producer, publisher, distributor, manufacturer <a href="Christian Communication, Ltd,">Christian Communication, Ltd,</a>
Date of production, publication, distribution, manufacture 2018.
300 ## - PHYSICAL DESCRIPTION
Extent 166p. :
Other physical details illustrations ;
Dimensions 21cm.
610 ## - SUBJECT ADDED ENTRY--CORPORATE NAME
Corporate name or jurisdiction name as entry element Bible Seminary of Hong Kong {ch}.
650 ## - SUBJECT ADDED ENTRY--TOPICAL TERM
Topical term or geographic name as entry element Sermons, Chinese {ch}.
650 ## - SUBJECT ADDED ENTRY--TOPICAL TERM
Topical term or geographic name as entry element Theological seminaries -- Sermons {ch}.
700 ## - ADDED ENTRY--PERSONAL NAME
Personal name Chiu, Andy
880 ## - ALTERNATE GRAPHIC REPRESENTATION
Linkage 245-1
a 講神傳道 : 香港神學院老師講道集
942 ## - ADDED ENTRY ELEMENTS (KOHA)
Source of classification or shelving scheme Library of Congress Classification
Item type Books
Holdings
Withdrawn status Lost status Source of classification or shelving scheme Damaged status Not for loan Home library Current library Shelving location Date acquired Inventory number Total Checkouts Full call number Barcode Date last seen Price effective from Koha item type
    Library of Congress Classification     BSOP Library BSOP Library Chinese Books (General Circulation) 05/04/2026 C-15931   BV4249.C5 P91 2018 00063399 05/04/2026 05/04/2026 Books
BSOP

Biblical Seminary of the Philippines
  All rights Reserved
  © 2024

CONTACT INFORMATION

Biblical Seminary of the Philippines,
  77-B Karuhatan Road, Valenzuela City,
  PHILIPPINES 1441
  Phone: +632 8292-6795 / 8292-6798
  Fax : +632 8292-6675
  Email: library@bsop.edu.ph